000 00735nam a2200277Ia 4500
005 20260324123536.0
008 008 260324s9999 xx 000 0 eng d
020 _a9780203816127
037 _aEBOOK
040 _aCRL
040 _beng
040 _cCRL
041 _2eng
041 _aeng
084 _qCRL
100 _aGerardo Angeles Castro; Ignacio Perrotini-Hernández; Humberto Ríos-Bolivar
_91170705
245 0 _aMarket Liberalism, Growth, and Economic Development in Latin America
260 _bTaylor and Francis
260 _c2011
365 _a
365 _b70.99
856 _uhttp://www.taylorfrancis.com/books/9780203816127
942 _cEBOOK
999 _c1764325
_d1764325